NCAA Basketball Players from Estonia - Statistics

General Stats
  • This quiz has been taken 7 times
    5 since last reset
  • The average score is 11 of 20
Answer Stats
Position Player School(s) NCAA Career % Correct
FC Henri Veesaar Arizona 2022-Present
100%
F Artur Konontšuk Southern Miss 2019-2021
75%
F Janari Jõesaar Ole Miss / UT Rio Grande Valley 2013-2015
75%
PG Kerr Kriisa Arizona / West Virginia / Kentucky 2020-Present
75%
SF Maik Kotsar South Carolina 2016-2020
75%
F Markus Ilver Wisconsin 2021-Present
75%
PF Matthias Tass Saint Mary's 2018-2022
75%
PG Carlos Jurgens Oral Roberts 2018-2023
50%
G Johannes Kirsipuu Central Arkansas / Pittsburg State 2022-Present
50%
F Kaspar Sepp Valparaiso 2023-Present
50%
GF Kasper Suurorg St. Francis (NY) 2021-2022
50%
C Kristjan Makke Western Illinois 1999-2001
50%
G Leemet Böckler Saint Mary's 2020-2022
50%
SF Mark Jaakson Southern Miss 2020-2022
50%
C Rauno Nurger Wichita State 2014-2018
50%
PF Taavi Jurkatamm San Francisco 2017-2021
50%
FC Ardo Ärmpalu Marshall 2000-2004
25%
F Karl Poom San Francisco 2024-Present
25%
SG Marten Maide Liberty / Fresno Pacific 2019-2024
25%
G Ran-Andre Pehka UC Davis 2020-2021
25%
No matching quizzes found
Score Distribution
Percent of People with Each Score
Percentile by Number Answered
Your Score History
You have not taken this quiz since the last reset